000 00510nam a2200145Ia 4500
008 180523s9999 xx 000 0 und d
020 _a9789719809326
100 _aTorres, Jose Victor
245 _cJose Victor Torres.
_aBatis :
_bsources in the Philippine history/
260 _aQuezon City :
_bC & E Publishing
_c2018
300 _aix, 321 pages :
_billustrations ;
_ccm.
500 _aIncludes bibliography and index.
650 _aPhilippines-- History.
650 _aPhilippines-- Politics and government.
999 _c357898
_d357898